Nghiên cứu đề xuất mô hình du lịch bền vững ở bờ bắc sông Thạch Hãn, Quảng Trị

Phát triển du lịch và những vấn đề môi trường nảy sinh, xu hướng phát triển du lịch - lợi ích, hạn chế của nghành du lịch Việt Nam. Quan điểm, lợi ích và tình hình phát triển du lịch bền vững trên thế giới và Việt Nam. Điều kiện tự nhiên - kinh tế - xã hội bờ bắc sông Thạch Hãn.......

সম্পূর্ণ বিবরণ

সংরক্ষণ করুন:
গ্রন্থ-পঞ্জীর বিবরন
প্রধান লেখক: Trần. Thị Kim Khánh (Tác giả)
অন্যান্য লেখক: Võ Văn Minh TS. (Người hướng dẫn), Nguyễn Văn Khánh ThS. (Người hướng dẫn)
বিন্যাস: গ্রন্থ
ভাষা:Vietnamese
প্রকাশিত: Đà Nẵng ĐH Sư phạm Đà Nẵng 2011
মালা:Nghiên cứu khoa học.
বিষয়গুলি:
ট্যাগগুলো: ট্যাগ যুক্ত করুন
কোনো ট্যাগ নেই, প্রথমজন হিসাবে ট্যাগ করুন!
Thư viện lưu trữ: Mạng thư viện Đại học Đà Nẵng
LEADER 01764nam a2200385 4500
001 000012812
003 9135
005 20120229080237.0
008 120229s2011 viesd
041 |a vie 
072 |a Nghiên cứu khoa học 
082 |a 910.597  |b TR-K 
100 |a Trần. Thị Kim Khánh  |e Tác giả 
245 |a Nghiên cứu đề xuất mô hình du lịch bền vững ở bờ bắc sông Thạch Hãn, Quảng Trị  |c Trần. Thị Kim Khánh 
260 |a Đà Nẵng  |b ĐH Sư phạm Đà Nẵng  |c 2011 
300 |a 39 tr  |c 29 cm 
490 |a Nghiên cứu khoa học. 
500 |a Khoa Sinh - Môi trường 
520 |a Phát triển du lịch và những vấn đề môi trường nảy sinh, xu hướng phát triển du lịch - lợi ích, hạn chế của nghành du lịch Việt Nam. Quan điểm, lợi ích và tình hình phát triển du lịch bền vững trên thế giới và Việt Nam. Điều kiện tự nhiên - kinh tế - xã hội bờ bắc sông Thạch Hãn.... 
653 |a Du lịch bền vững 
653 |a Bờ bắc 
653 |a Sông Thạch Hãn 
653 |a Quảng Trị 
700 |a Võ Văn Minh  |c TS.  |e Người hướng dẫn 
700 |a Nguyễn Văn Khánh  |c ThS.  |e Người hướng dẫn 
OWN |a LSP 
AVA |a UDN50  |b LSP  |d 910.597 TR-K  |e available  |t Error 5001 Not defined in file expand_doc_bib_avail.  |f 1  |g 0  |h N  |i 0  |k 1 
999 |a From the UDN01 
AVA |a UDN50  |b LSP  |d 910.597 TR-K  |e available  |t Error 5001 Not defined in file expand_doc_bib_avail.  |f 1  |g 0  |h N  |i 0  |k 1 
TYP |a Monograph 
TYP |a Printed language 
980 |a Mạng thư viện Đại học Đà Nẵng